Library Banner

The Companies Ordinance of 1984: (Record no. 22842)

MARC details
000 -LEADER
fixed length control field 00451nam a2200169Ia 4500
001 - CONTROL NUMBER
control field 22597
008 - FIXED-LENGTH DATA ELEMENTS--GENERAL INFORMATION
fixed length control field 140409s9999 xx 000 0 und d
040 ## - CATALOGING SOURCE
Transcribing agency PK-LaUMT
082 ## - DEWEY DECIMAL CLASSIFICATION NUMBER
Classification number 346.006
Item number COM-
100 ## - MAIN ENTRY--PERSONAL NAME
Personal name Chahdary, A.D
245 #4 - TITLE STATEMENT
Title The Companies Ordinance of 1984:
Remainder of title XLVIII of 1984
Statement of responsibility, etc Chahdary, A.D
260 ## - PUBLICATION, DISTRIBUTION, ETC. (IMPRINT)
Place of publication, distribution, etc Lahore,Pakistan:
Name of publisher, distributor, etc Irfan Law Book House,
Date of publication, distribution, etc 2002
300 ## - PHYSICAL DESCRIPTION
Extent 763 p.
546 ## - LANGUAGE NOTE
Language note EN
650 ## - SUBJECT ADDED ENTRY--TOPICAL TERM
Topical term or geographic name as entry element Companies ordinance
942 ## - ADDED ENTRY ELEMENTS (KOHA)
Koha item type Books
Holdings
Withdrawn status Lost status Source of classification or shelving scheme Damaged status Not for loan Home library Current library Date acquired Total Checkouts Full call number Barcode Date last seen Date checked out Price effective from Koha item type
    Dewey Decimal Classification     UMT Main Campus UMT Main Campus 2014-04-09 1 346.006 COM- 25336 2019-06-01 2019-05-21 2014-04-23 Books
    Dewey Decimal Classification     UMT Main Campus UMT Main Campus 2014-06-19 1 346.006 COM- 25337 2016-05-19 2016-05-18 2014-06-19 Books